বেহশত লাভের সহজ উপায় / (Record no. 10594)
[ view plain ]
| 000 -LEADER | |
|---|---|
| fixed length control field | 00753nam a22001937a 4500 |
| 001 - CONTROL NUMBER | |
| control field | BD-DhSAU 10594 |
| 003 - CONTROL NUMBER IDENTIFIER | |
| control field | BD-DhSAU |
| 005 - DATE AND TIME OF LATEST TRANSACTION | |
| control field | 20150628174946.0 |
| 008 - FIXED-LENGTH DATA ELEMENTS--GENERAL INFORMATION | |
| fixed length control field | 150628b2006 bg ||||| |||| 00| 0 ben d |
| 040 ## - CATALOGING SOURCE | |
| Original cataloging agency | BD-DhSAU |
| 082 ## - DEWEY DECIMAL CLASSIFICATION NUMBER | |
| Edition number | 22 |
| Classification number | ---- |
| Item number | ---- |
| 100 ## - MAIN ENTRY--PERSONAL NAME | |
| Personal name | রিকাবদার, নাচিজ মু. ফজলুল হক |
| 245 ## - TITLE STATEMENT | |
| Title | বেহশত লাভের সহজ উপায় / |
| Statement of responsibility, etc. | নাচিজ মু. ফজলুল হক রিকাবদার |
| 260 ## - PUBLICATION, DISTRIBUTION, ETC. (IMPRINT) | |
| Place of publication, distribution, etc. | ঢাকা : |
| Name of publisher, distributor, etc. | এম এন মল্লিক এন্ড কোম্পানি, |
| Date of publication, distribution, etc. | ২০০৬। |
| 300 ## - PHYSICAL DESCRIPTION | |
| Extent | ১৬৭ পৃ. : |
| Dimensions | ২১ সেমি। |
| 590 ## - Name of Cataloguer | |
| Name of Cataloger | erfat |
| 650 ## - SUBJECT ADDED ENTRY--TOPICAL TERM | |
| Topical term or geographic name as entry element | ইসলামিক |
| 942 ## - ADDED ENTRY ELEMENTS (KOHA) | |
| Source of classification or shelving scheme | Dewey Decimal Classification |
| Koha item type | Book |
| Withdrawn status | Lost status | Source of classification or shelving scheme | Damaged status | Not for loan | Collection code | Home library | Branch Name | Shelving location | Date acquired | Total Checkouts | Full call number | Barcode | Date last seen | Price effective from | Koha item type |
|---|---|---|---|---|---|---|---|---|---|---|---|---|---|---|---|
| Dewey Decimal Classification | Not For Loan | Non-fiction | SAU Library | SAU Library | Reference | 28/06/2015 | ---- ---- | 0004 | 28/06/2015 | 28/06/2015 | Book |
